Massifs des Alpes occidentales sur une carte - Statistiques

Statistiques générales
  • Ce quiz a été pris 1 198 fois
  • Le résultat moyen est 18 sur 39
Réponses sur la Carte
Les réponses sont colorées sur une échelle allant du rouge au vert en fonction du pourcentage des utilisateurs qui les ont devinées à leur premier essai. Vous pouvez retrouver ces pourcentages ci-dessous.
 
Statistiques - réponses
Massif % Correct
Massif du Mont-Blanc
85%
Massif du Vercors
81%
Massif de la Chartreuse
79%
Massif des Écrins
79%
Massif de la Vanoise
75%
Massif des Bauges
69%
Chaîne de Belledonne
67%
Chaîne des Aravis
66%
Massif du Mercantour-Argentera
66%
Massif du Queyras
59%
Massif du Beaufortain
55%
Aiguilles Rouges
52%
Massif du Chablais
49%
Massif du Dévoluy
47%
Massif du Luberon
47%
Préalpes de Nice
47%
Massif du Diois
45%
Préalpes de Digne
43%
Massif des Arves
42%
Massif du Grand-Paradis
39%
Massif du Taillefer
39%
Massif des Baronnies
38%
Massif du Mont-Cenis
38%
Massif des Bornes
37%
Massif des Cerces
37%
Monts de Vaucluse
37%
Grandes Rousses
36%
Préalpes de Castellane
36%
Massif du Giffre
35%
Massif de la Lauzière
34%
Alpes ligures
33%
Massif des Trois-Évêchés
30%
Alpes grées (stricto sensu)
27%
Massif du Parpaillon
25%
Alpes cottiennes (stricto sensu)
24%
Massif du Pelat
23%
Bochaine
22%
Massif d'Escreins
22%
Massif de Chambeyron
18%
Aucun quiz correspondant
Distribution des résultats
% des personnes avec chaque résultat
Percentile par nombre de réponses
Votre historique - résultats
Vous n’avez pas pris ce quiz